Mantenimiento integral y puesta en funcionamiento de un sistema de grúa hidráulica ubicado en el taller automotriz de la Facultad de Tecnología de la Industria UNI-RUPAP

Es la reactivación y puesta en funcionamiento de una grúa pluma hidráulica ubicada en el taller automotriz de los talleres de la F.T.I., para la reactivación de ésta se realizó un diagnóstico a los sistemas con los que opera el equipo y elementos tecnológicos que componen dicho sistemas, se...

Full description

Bibliographic Details
Main Author: Gadea Jiménez, Rodney Manuel
Other Authors: Tutor: Blandino Rayo, César Guillermo
Format: Tesis Section = Libro
Language:Undetermined
Spanish
Published: Managua UNI 2019
Subjects:
LEADER 01369nam a2200253Ia 4500
008 240830s9999 xx 000 0 und d
040 |a BIBLIOTECA-RUPAP Mon 621.873 G124 
041 |a spa 
082 |a Mon 621.873 G124 
100 1 |a Gadea Jiménez, Rodney Manuel 
245 1 0 |a Mantenimiento integral y puesta en funcionamiento de un sistema de grúa hidráulica ubicado en el taller automotriz de la Facultad de Tecnología de la Industria UNI-RUPAP 
260 |a Managua  |b UNI  |c 2019 
300 |a 77 p. :il. 
500 |a Contiene: anexos y CD. 
502 |a Tesis (Ingeniero Mecánico)- UNI, 2019. 
520 3 |a Es la reactivación y puesta en funcionamiento de una grúa pluma hidráulica ubicada en el taller automotriz de los talleres de la F.T.I., para la reactivación de ésta se realizó un diagnóstico a los sistemas con los que opera el equipo y elementos tecnológicos que componen dicho sistemas, se plantearon las soluciones en base al diagnóstico, se realizó un mantenimiento integral, se elabora un plan de mantenimiento preventivo para el equipo adjunto a una guía de posibles soluciones. 
650 7 |a GRUAS HIDRAULICAS 
650 7 |b GRUAS-MANTENIMIENTO 
650 7 |c SISTEMAS DE GRUAS 
650 7 |d MAQUINAS HERRAMIENTAS 
700 1 |a Tutor:  |b Blandino Rayo, César Guillermo 
942 |c BK  |2 ddc 
991 |a TESIS 
999 |c 15825